<?xml version="1.0" encoding="UTF-8"?>
<record
    xmlns:xsi="http://www.w3.org/2001/XMLSchema-instance"
    xsi:schemaLocation="http://www.loc.gov/MARC21/slim http://www.loc.gov/standards/marcxml/schema/MARC21slim.xsd"
    xmlns="http://www.loc.gov/MARC21/slim">

  <leader>01306nam a22002057a 4500</leader>
  <controlfield tag="003">OSt</controlfield>
  <controlfield tag="005">20170105102939.0</controlfield>
  <datafield tag="020" ind1=" " ind2=" ">
    <subfield code="a">9781133309598</subfield>
  </datafield>
  <datafield tag="040" ind1=" " ind2=" ">
    <subfield code="a">0</subfield>
  </datafield>
  <datafield tag="082" ind1=" " ind2=" ">
    <subfield code="a">150.72</subfield>
    <subfield code="b">WHI 2013</subfield>
  </datafield>
  <datafield tag="100" ind1=" " ind2=" ">
    <subfield code="a">Theresa L White</subfield>
  </datafield>
  <datafield tag="245" ind1=" " ind2=" ">
    <subfield code="a">Research methods</subfield>
    <subfield code="c">Theresa L. White</subfield>
  </datafield>
  <datafield tag="250" ind1=" " ind2=" ">
    <subfield code="a">9th ed</subfield>
  </datafield>
  <datafield tag="260" ind1=" " ind2=" ">
    <subfield code="a">Australia</subfield>
    <subfield code="b">Wadsworth Cengage Learning</subfield>
    <subfield code="c">2013</subfield>
  </datafield>
  <datafield tag="300" ind1=" " ind2=" ">
    <subfield code="a">xx, 458 pages</subfield>
    <subfield code="c">24 cm</subfield>
  </datafield>
  <datafield tag="505" ind1=" " ind2=" ">
    <subfield code="a">Psychology and Science -- Developing a Research Question -- Ethics in Research -- Writing in Psychology -- Variables -- Validity -- Control -- Nonexperimental Research, Part I: Observational, Archival and Case-Study Research -- Nonexperimental Research, Part 2: Survey Research -- True Experiments, Part 1: Single-Factor Designs -- True Experiments, Part 2: Factorial Designs -- Single-Subject Experiments -- Quasi Experiments -- Data Exploration PartI: Graphic and Descriptive Techniques -- Data Exploration, Part 2: Inferential Statistics.</subfield>
  </datafield>
  <datafield tag="520" ind1=" " ind2=" ">
    <subfield code="a">Provides psychology students with a scientific approach to understanding their field of study and the world in general. This title illustrates the many creative ways that psychology professionals design and conduct effective research</subfield>
  </datafield>
  <datafield tag="650" ind1=" " ind2=" ">
    <subfield code="a">Psychology, Experimental - Methodology. Psychology -Research - Methodology.</subfield>
  </datafield>
  <datafield tag="942" ind1=" " ind2=" ">
    <subfield code="2">ddc</subfield>
    <subfield code="c">BK</subfield>
  </datafield>
  <datafield tag="999" ind1=" " ind2=" ">
    <subfield code="c">16430</subfield>
    <subfield code="d">16430</subfield>
  </datafield>
  <datafield tag="952" ind1=" " ind2=" ">
    <subfield code="0">0</subfield>
    <subfield code="1">0</subfield>
    <subfield code="4">0</subfield>
    <subfield code="7">0</subfield>
    <subfield code="8">NFIC</subfield>
    <subfield code="a">CIPS</subfield>
    <subfield code="b">CIPS</subfield>
    <subfield code="c">GEN</subfield>
    <subfield code="d">2016-06-30</subfield>
    <subfield code="l">0</subfield>
    <subfield code="o">150.72 WHI 2013</subfield>
    <subfield code="p">CIPS0002856</subfield>
    <subfield code="r">2016-07-26</subfield>
    <subfield code="w">2016-07-26</subfield>
    <subfield code="y">BK</subfield>
  </datafield>
</record>
